🎶 Paroles "Les étoiles filantes" Les Cowboys Fringants - Statistiques

Statistiques générales
  • Ce quiz a été pris 218 fois
  • Le résultat moyen est 325 sur 413
Statistiques - réponses
Mots % Correct
Saint-Louis
99%
S'
98%
s'
98%
Saint-Denis
98%
ti-culs
98%
À
97%
à
97%
d'
97%
Et
97%
et
97%
l'
97%
m'
97%
N'
97%
Passe-Partout
97%
t'
97%
c'
96%
C'
96%
de
96%
De
96%
J'
95%
j'
95%
un
94%
Un
94%
étoile
93%
filante
93%
qu'
93%
vie
93%
je
92%
Je
92%
la
92%
La
92%
le
92%
ma
92%
te
92%
des
91%
Pour
91%
pour
91%
Dans
90%
dans
90%
en
90%
les
90%
Les
90%
mon
90%
Mon
90%
90%
ou
90%
parler
90%
Si
90%
si
90%
ça,
89%
Ça
89%
ça
89%
ce
88%
instant
88%
Juste
88%
se
88%
au
87%
comme
87%
Comme
87%
que
87%
Que
87%
Pas
86%
pas,
86%
pas
86%
arrête
85%
bar,
85%
du
85%
temps
85%
une
85%
On
84%
on
84%
qui
84%
Qui
84%
Bien
82%
bien
82%
loin
82%
petit
82%
Mais
81%
mais
81%
moi
81%
moi,
81%
tranquillement
81%
ne
80%
Quand
79%
rester
79%
dis-
78%
est
78%
plus
78%
raconterai
78%
va
78%
ai
77%
ces
77%
étoiles
77%
filantes
77%
petite
77%
cette
76%
mémoire
76%
sac
76%
vrai
76%
bon
75%
bout
75%
dit
75%
souvenirs
75%
billes
74%
Était
74%
était
74%
trésor
74%
école
73%
filles
73%
passe
73%
pieds
73%
avions
72%
chemin
72%
cour
72%
récré
72%
époque
71%
papier
71%
vent
71%
encore
70%
finalement
70%
gelés
70%
nous
70%
rentrer
70%
balançoires
69%
bedaine
69%
hivers
69%
trentaine,
69%
Devenait
68%
igloos
68%
partent
68%
construire
67%
réalité
67%
subit
67%
vieillir
67%
avec
66%
Avec
66%
carré
66%
crue
66%
illusoire
66%
petites
66%
suis
66%
peu
65%
rêves
65%
souvent
65%
monde
64%
rue
64%
choisit
63%
enneigés
63%
faire
63%
gravés
63%
morveux,
63%
refoulent
63%
dira
62%
son
62%
toi
62%
agaçais
61%
hypothèque,
60%
mieux,
60%
mieux
60%
moule
60%
constate
59%
évanouissent
59%
échecs
57%
embarque
57%
être
57%
notre
57%
tu
57%
avant
56%
bons
56%
nuit
56%
passage
55%
tout
55%
as
54%
coups
54%
moment
54%
mourir
54%
sortir
54%
air
52%
espérer
52%
heureux
52%
peine
52%
soir
52%
trop
52%
envie
51%
arrière
50%
bonheurs
50%
fait
50%
gagner
50%
peines
50%
peut
50%
regarder
50%
rien
50%
douce,
49%
Après
48%
effréné
47%
frais
47%
goût
47%
marcher
47%
sois
47%
aimerais
46%
bouffée
46%
même
45%
printemps
45%
renaît
45%
sais,
45%
amours
44%
arracher,
44%
avoir
44%
dure
44%
Parce
44%
perd
44%
reviennent
44%
brume
43%
chums
43%
passent
43%
sait
43%
Travailler,
43%
cœurs
41%
voir
41%
accroche
40%
existé
40%
apaise
39%
cassent
38%
Malgré
37%
idéaux
36%
amertumes
35%
vieilles
34%
Aucun quiz correspondant
Distribution des résultats
% des personnes avec chaque résultat
Percentile par nombre de réponses
Votre historique - résultats
Vous n’avez pas pris ce quiz